000 00754nam a2200325Ia 4500
001 1364
008 191123s9999 xx 000 0 und d
041 _aspa
044 _aag
100 _aBonome, Rodrigo,
245 0 _aAntonio Berni.
260 _aBuenos Aires :
_bArs,
_c1941.
300 _a54 p.
_b24 láminas b/n
500 _aNúmero de la revista Ars dedicado al artista
504 _aBibliografía
650 _aARGENTINA
650 _aBERNI, ANTONIO
650 _aBIOGRAFIAS
650 _aPINTURAS
650 _aREALISMO
902 _aM
903 _am
904 _am
907 _aImpreso
911 _a24 láminas b/n
912 _a1941
942 _cLIBRO
999 _c1101
_d1101
550 _a24 láminas b/n